Focus : Meryl Streep (QCM) - Statistiques

Statistiques générales
  • Ce quiz a été pris 36 fois
  • Le résultat moyen est 7 sur 10
Statistiques - réponses
Question Réponse % Correct
Dans quel film joue-t-elle le rôle d’une rédactrice en chef tyrannique ? Le Diable s’habille en Prada
100%
Dans quel film a-t-elle chanté les chansons du groupe ABBA ? Mamma Mia !
94%
Dans "Le Diable s’habille en Prada", quel est le nom de son personnage ? Miranda Priestly
88%
Dans "Voyage au bout de l'enfer", quel est le thème central du film ? La guerre du Vietnam
73%
Pour quel film a-t-elle appris le polonais ? Le Choix de Sophie
73%
Avant d’embrasser sa carrière d’actrice, quelle carrière avait-elle envisagée ? Chanteuse d'opéra
55%
Pour quel film a-t-elle remporté son premier Oscar ? Kramer contre Kramer
55%
Avec quel réalisateur a-t-elle travaillé dans "Out of Africa" ? Sydney Pollack
52%
Dans "Doubt", quel rôle joue-t-elle ? Une religieuse
48%
Dans quel film joue-t-elle une reine britannique fictive ? Into the Woods
30%
Aucun quiz correspondant
Distribution des résultats
% des personnes avec chaque résultat
Percentile par nombre de réponses
Votre historique - résultats
Vous n’avez pas pris ce quiz